Guia de acesso no ensino secundário 2007 (Registo nº 1156)

Detalhes MARC
000 -Etiqueta do registo
Cabeçalho 01006nam a2200277 i 4500
005 - Identificador da versão
Campo de controlo 20240813121827.0
010 ## - Número internacional normalizado dos livros (ISBN)
Número (ISBN) 9789726144120
021 ## - Número do Depósito Legal
Código do país PT
Número 243192/06
100 ## - Dados gerais de processamento
Dados gerais de processamento 20100114d2007 e a0pory5003 ba
102 ## - Pais de publicação ou produção
País de publicação Portugal
101 0# - Língua de publicação
Língua do texto, banda sonora, etc. Português
106 ## - Campo de dados codificados: material textual
Dados codificados do material textual r
105 ## - Campo de dados codificados: livros
Dados codificados dos livros a z 001yy
215 ## - Descrição física 
Indicação específica da natureza do documento e extensão da espécie 576 p.
Outras indicações físicas il.
Dimensões 30 cm
200 1# - Titulo e menção de responsabilidade
Título próprio Guia de acesso no ensino secundário 2007
Informação de outro título educação e formação
-- ofertas para jovens e adultos
Primeira menção de responsabilidade Gabinete de Informação e Avaliação do Sistema Educativo
Outras menções de responsabilidade colab. Agência Nacional para Qualificação... [et al.]
205 ## - Menção da edição
Menção da edição 1a ed
210 ## - Publicação, Distribuição, etc. 
Lugar da edição, distribuição, etc. [Lisboa]
Nome do editor, distribuidor, etc. Ministério da Educação
Data da publicação, distribuição, etc. 2007
675 ## - Classificação Decimal Universal (CDU)
Notação 373.5(469)"2007"(036)
Edição BN
Língua da edição por
710 01 - Nome de colectividade-autor (responsabilidade principal)
Número de registo de entrada de autoridade 0001615
Palavra de ordem Portugal
Subdivisão Minitério da Educação
-- Gabinete de Informação e Avaliação do Sistema Educativo
712 01 - Nome de colectividade-autor (responsabilidade secundária)
Número de registo de entrada de autoridade 0001616
Palavra de ordem Portugal
Subdivisão Agência Nacional para a Qualificação
Código de função Colaborador
900 ## -
-- BIBNAC
-- 20100301
942 ## - Elementos de entrada adicionados (Koha)
Tipo de item no Koha Livro
Exemplares
Situação do levantamento Origin of item (home branch) (coded) Biblioteca de empréstimo Código de barras Cota Circulation type (not for loan) Tipo de documento Nota do exemplar Damaged status
  Biblioteca Escolar Eng. Nuno Mergulhão Biblioteca Escolar Eng. Nuno Mergulhão BENM2102 373.5 SEC   Livro Sem mensagem  
  Biblioteca Escolar Eng. Nuno Mergulhão Biblioteca Escolar Eng. Nuno Mergulhão BENM2103 373.5 SEC   Livro Sem mensagem  
  Biblioteca Escolar Eng. Nuno Mergulhão Biblioteca Escolar Eng. Nuno Mergulhão BENM2104 373.5 SEC   Livro Sem mensagem  
  Biblioteca Escolar Eng. Nuno Mergulhão Biblioteca Escolar Eng. Nuno Mergulhão BENM2105 373.5 SEC   Livro Sem mensagem  
  Biblioteca Escolar Eng. Nuno Mergulhão Biblioteca Escolar Eng. Nuno Mergulhão BENM2106 373.5 SEC   Livro Sem mensagem  
  Biblioteca Escolar Eng. Nuno Mergulhão Biblioteca Escolar Eng. Nuno Mergulhão BENM2107 373.5 SEC   Livro Sem mensagem  
  Biblioteca Escolar Eng. Nuno Mergulhão Biblioteca Escolar Eng. Nuno Mergulhão BENM2108 373.5 SEC   Livro Sem mensagem